00997pam a2200265 a 4500001000500000005001700005020001700022040002300039050002500062082001700087100002300104245009700127250005400224260003400278300004200312505000800354520019800362521002000560521002000580650002200600650003200622650002100654650003400675650002200709165220260302101301.0 a078073003990 aDLCcDLCdDLCbeng00aPZ7.P63123bCap 199900a808.06832211 aPilkey, Davd1966-00aCaptain Underpants and the attack of the talking toilets /cAnother Epic Novel By Dav Pilkey aFirst Scholastic Paperback printing, January 1999 aNew York :bScholastic,c1999 a136 pages : billustrations ;c20 cm  aR  aPrincipal Krupp once again turns into the superhero Captain Underpants in order to save the world, and Jerome Horwitz Elementary School, from the evil talking toilets and the Turbo Toilet 2000. a780 bLexile  aR bRaz-Plus  1aSchoolsxFiction. 1aSchool principalsxFiction. 1aHeroesxFiction. 1aCartoons and comicsxFiction. 1aHumorous stories.